| 000 | 01196nam a2200289 i 4500 | ||
|---|---|---|---|
| 001 | bg | ||
| 003 | BPK | ||
| 005 | 20210406085712.0 | ||
| 008 | 000621s2000 pl |100 0 pol | ||
| 015 | _aPB 2001/9376 | ||
| 020 | _a8387423785 | ||
| 040 |
_aWA N _cBPK |
||
| 041 | 0 | _apol | |
| 080 | _a347.78 | ||
| 080 | _a(06) | ||
| 245 | 0 | 0 |
_aWynalazczość i ochrona własności intelektualnej : _bzbiór referatów z Seminarium Rzeczników Patentowych Szkół Wyższych pt: "Ochrona, obrót i egzekucja praw do wyników pracy intelektualnej" / _c[red. wyd. Renata Zawadzka]. |
| 260 |
_aSzczecin : _bWydaw. Uczelniane Politechniki Szczecińskiej, _c[2000]. |
||
| 300 |
_a90, [1] s. ; _c29 cm. |
||
| 500 | _aU dołu okł. i s. tyt. : z. nr 22. | ||
| 504 | _aBibliogr. | ||
| 655 | 4 | _aMateriały konferencyjne | |
| 650 | 4 | _aPrawo autorskie | |
| 700 | 1 |
_aZawadzka, Renata. _eRed. |
|
| 711 | 2 |
_aSeminarium Rzeczników Patentowych Szkół Wyższych pt: "Ochrona, obrót i egzekucja praw do wyników pracy intelektualnej" _d(1999 ; _cSzczecin). |
|
| 856 |
_uhttp://koha.tu.koszalin.pl/cgi-bin/koha/opac-detail.pl?biblionumber=39430 _yKatalog online BPK |
||
| 942 |
_2UKD _cKS |
||
| 999 |
_c39430 _d39430 |
||